000 00586nam a22002171a 4500
001 10071
003 OSt
005 20260204212144.0
008 070816s1993||||sp ||||||b||||||||||spa||
020 _a8425208505
050 _a624.15337 W428h
100 _aWeigler, Helmut
245 _aHormigones ligeros armados / Helmut Weiglery Sieghart Karl
250 _a2
264 _aEspaña : Gustavo Gili
300 _a261 p
500 _aIncluye bibliografía
650 _aHormigon Armado II. Materiales de Construcción
700 _aKarl, Sieghart II. Tít.Ì
942 _2ddc
_cBK
999 _c10071
_d10071